Advanced image processing in magnetic resonance imaging (Record no. 196739)
[ view plain ]
| 000 -LEADER | |
|---|---|
| fixed length control field | 00562nam a2200193Ia 4500 |
| 003 - CONTROL NUMBER IDENTIFIER | |
| control field | OSt |
| 005 - DATE AND TIME OF LATEST TRANSACTION | |
| control field | 20250210113827.0 |
| 008 - FIXED-LENGTH DATA ELEMENTS--GENERAL INFORMATION | |
| fixed length control field | 231217s9999 xx 000 0 und d |
| 020 ## - INTERNATIONAL STANDARD BOOK NUMBER | |
| International Standard Book Number | 9780824725426 |
| 040 ## - CATALOGING SOURCE | |
| Transcribing agency | 0 |
| 041 ## - LANGUAGE CODE | |
| Language code of text/sound track or separate title | English |
| 082 ## - DEWEY DECIMAL CLASSIFICATION NUMBER | |
| Classification number | 616.075 LAN;1 R |
| 100 ## - MAIN ENTRY--PERSONAL NAME | |
| Personal name | Landini, Luigi. Positano, Vincenzo. Santarelli, Maria Filomena ed. |
| 245 #0 - TITLE STATEMENT | |
| Title | Advanced image processing in magnetic resonance imaging |
| 260 ## - PUBLICATION, DISTRIBUTION, ETC. | |
| Date of publication, distribution, etc. | 2005 |
| Name of publisher, distributor, etc. | CRC Press |
| Place of publication, distribution, etc. | Boca Raton |
| 300 ## - PHYSICAL DESCRIPTION | |
| Extent | 611 |
| 400 ## - SERIES STATEMENT/ADDED ENTRY--PERSONAL NAME [OBSOLETE, CAN/MARC], [LOCAL, USA] | |
| Personal name | Signal processing and communications ; 26 |
| 942 ## - ADDED ENTRY ELEMENTS (KOHA) | |
| Koha item type | Books |
| Source of classification or shelving scheme | Dewey Decimal Classification |
| Date last seen | Total checkouts | Full call number | Accession number | Cost, total (INR) price | Price effective from | Category | Lost status | Damaged status | Department | Withdrawn status | Home library | Current library | Shelving location | Entry date | Vendor | Cost, normal purchase price | Grants | Billnumber | Currency symbol | Conversion rate | Discount | Old discount |
|---|---|---|---|---|---|---|---|---|---|---|---|---|---|---|---|---|---|---|---|---|---|---|
| 26/01/2024 | 616.075 LAN;1 R | 89515 | 10423.88 | 26/01/2024 | Books | EC | Central Library | Central Library | 10/12/2014 | Allied publ. | 133.00 | EC | BA/2014/CR/0002678 | POUND | 104.5 | 33.25 | 25 |
